Island Country Hopping - Statistics

General Stats
  • This quiz has been taken 634 times
  • The average score is 38 of 47
Answers on the Map
Answers color-coded by a green-red scale on the quiz's map according to % correct below.
 
Answer Stats
Hint Answer % Correct
Starting Country Iceland
100%
0 km Ireland
100%
784 km United Kingdom
100%
1728 km Cyprus
98%
2621 km Malta
98%
1921 km Bahrain
86%
1500 km Indonesia
86%
3150 km Maldives
86%
0 km (longer border) Papua New Guinea
86%
725 km Sri Lanka
86%
2.5 km Solomon Islands
83%
750 km Fiji
82%
900 km Samoa
82%
360 km Tonga
82%
150 km Vanuatu
82%
580 km Federated States of Micronesia
81%
115 km Japan
81%
340 km Kiribati
81%
600 km Marshall Islands
81%
300 km Nauru
81%
400 km Palau
81%
840 km Philippines
81%
100 km Taiwan
81%
1050 km Tuvalu
81%
350 km Comoros
77%
900 km Madagascar
77%
9850 km Mauritius
77%
5550 km New Zealand
77%
250 km Seychelles
77%
55 km Bahamas
76%
3680 km Barbados
76%
3660 km Cape Verde
76%
85 km Cuba
76%
600 km Dominican Republic
76%
0 km Haiti
76%
440 km Jamaica
76%
40 km Saint Vincent and the Grenadines
76%
4200 km Sao Tome and Principe
76%
150 km Antigua and Barbuda
75%
2300 km Brunei
75%
440 km Dominica
75%
2530 km East Timor
75%
10 km Grenada
75%
70 km Saint Kitts and Nevis
75%
150 km Saint Lucia
75%
130 km Trinidad and Tobago
75%
1170 km Singapore
74%
No matching quizzes found
Score Distribution
Percent of People with Each Score
Percentile by Number Answered
Your Score History
You have not taken this quiz